书目信息 |
| 题名: |
英汉生物化学词典
|
|
| 作者: | 冯宋明 编 ;冯北元 译 | |
| 分册: | ||
| 出版信息: | 北京 科学出版社 1983.08 |
|
| 页数: | 998页 | |
| 开本: | 20cm | |
| 丛书名: | ||
| 单 册: | ||
| 中图分类: | Q5-61 | |
| 科图分类: | ||
| 主题词: | 生物化学 | |
| 电子资源: | ||
| ISBN: | 7-03-003388-4 | |
| 000 | 00631nam0 2200205 45 | |
| 001 | 0003131501 | |
| 005 | 20040927100451.3 | |
| 010 | @a7-03-003388-4@b精装@dCNY58.00 | |
| 100 | @a20000313d1983 km y0chiy0120 ea | |
| 101 | 0 | @achi |
| 105 | @a z 000yy | |
| 200 | 1 | @a英汉生物化学词典@dEnglish-Chinese Dictionary of Biochemistry@AYing HanSheng Wu Hua Xue Ci Dian@f冯宋明编@FFeng Song Ming Bian@g冯北元等译 |
| 210 | @a北京@c科学出版社@d1983.08 | |
| 215 | @a998页@d20cm | |
| 606 | 0 | @a生物化学 |
| 690 | @aQ5-61@v1 | |
| 701 | 0 | @a冯宋明@4编 |
| 702 | 0 | @a冯北元@AFeng Bei Yuan@4译 |
| 801 | @aCN@bTSTC@c20000315 | |
| 905 | @dQ5-61@e68 | |
| 英汉生物化学词典=English-Chinese Dictionary of Biochemistry/冯宋明编/冯北元等译.-北京:科学出版社,1983.08 |
| 998页;20cm |
| ISBN 7-03-003388-4(精装):CNY58.00 |
| ● |
| 相关链接 |
|
|
|
|
正题名:英汉生物化学词典
索取号:Q5-61/68
 
预约/预借
| 序号 | 登录号 | 条形码 | 馆藏地/架位号 | 状态 | 备注 |
| 1 | 0285776 | 002857769 | 第二样本阅览室/ [索取号:Q5-61/68] | 在馆 | |
| 2 | 0285777 | 002857778 | 工具书阅览室/ [索取号:Q5-61/68] | 在馆 |